000 00197nam a22000977a 4500
999 _c12799
_d12799
020 _a9780195774627
082 _a954.904
100 _aWolpert, Stanley
245 _aJinnah of Pakistan
942 _cBK